| 000 | 00729ntm a22002057a 4500 | ||
|---|---|---|---|
| 005 | 20170810125038.0 | ||
| 008 | 170802s2013 xx a frb 000 0 eng d | ||
| 040 |
_aEG-ScBUE _beng _cEG-ScBUE |
||
| 082 | 0 | 4 |
_222 _a621 _bHAF |
| 100 | 1 | _aHafez, Mohamed Gamal. | |
| 245 | 1 | 0 |
_aDesign, construction and testing of a firefighting robot / _cMohamed Gamal Hafez (et al.). |
| 260 | _c2013. | ||
| 300 |
_aviii, 109 p. : _bill. (col.) ; _c28 cm. |
||
| 500 | _asubmitted to the faculty of engineering, the British university in Egypt, in partial fulfillment of the design project assessment. | ||
| 590 | _aAishaa. | ||
| 650 | 7 |
_2BUEsh _aMechanical Engineering _vProjects |
|
| 653 |
_bENGMEC _cAugust2017 |
||
| 655 | _vSPRO | ||
| 942 | _2ddc | ||
| 999 |
_c25277 _d25249 |
||